Responses for Show #3344 - Thursday, March 4, 1999

1999-A Teen Tournament final game 1.

Contestants

[<< previous game]

Melissa Sexstone, a senior from East Syracuse, New York

Trish Ranney, a senior from San Jose, California

Elizabeth Nyman, a sophomore from Jacksonville, Florida

[next game >>]

Jeopardy! Round responses

TASMANIAN TIDBITS
1998 MOVIES
FAST FOOD CHOICES
WHO ARE YOU?
HINTS FROM HELOISE
IN OTHER WORDS...
    $100 26
Australia

Melissa
    $100 1
The Waterboy

Trish
    $100 6
McDonald's

Elizabeth
    $100 11
Nevadan

Triple Stumper
    $100 16
Onions

Melissa
    $100 18
Look before you leap

Elizabeth
    $200 27
Abel Tasman

Triple Stumper
    $200 2
A Bug's Life or Antz

Elizabeth
    $200 7
KFC (Kentucky Fried Chicken)

Trish
    $200 12
Frankfurter

Melissa
    $200 17
a hair dryer

Elizabeth
    $200 19
Too hot to handle

Melissa
    $300 28
Tungsten

Elizabeth
    $300 3
Babe: Pig in the City

Trish
    $300 8
Dairy Queen

Melissa
    $500 13
Phoenician

Melissa
    $300 20
Beans

Trish
    $300 23
Throw your hat into the ring

Trish
    $400 29
Wombat

Triple Stumper
    $400 4
Will Smith

Trish
    $400 9
Wendy's

Elizabeth
    $400 14
Hoosier (he's from Indiana)

Triple Stumper
    $400 21
Alcohol

Melissa
    $400 24
Cut off your nose to spite your face

Trish
    $500 30
Pontoon bridge

Triple Stumper
    $500 5
Dr. Dolittle

Elizabeth
    $500 10
Arby's

Trish
    $500 15
Idaho

Trish
    $500 22
Shaving cream

Melissa
    $500 25
A fool and his money are soon parted

Elizabeth

Scores at the first commercial break (after clue 15):

Elizabeth Trish Melissa
$1,200 $2,000 $1,000

Scores at the end of the Jeopardy! Round:

Elizabeth Trish Melissa
$2,300 $3,000 $2,300

Double Jeopardy! Round responses

THE MASON-DIXON LINE
HEADGEAR
HIPPOCRATES' MEDICAL GUIDE
A BUG'S LIFE
CIVICS CLASS
AUTHORS' RHYME TIME
    $200 12
Astronomers

Triple Stumper
    $200 9
Beret

Melissa
    $200 6
(T: What is summer?)

spring

TrishMelissa
    $200 21
Fireflies/lightning bugs

Melissa
    $200 22
Mayor

Trish
    $200 1
Daniel's spaniels

Elizabeth
    $400 13
Ohio River

Elizabeth
    $400 16
Turban

Melissa
    $400 7
Hiccups

Trish
    $400 27
Centipede

Trish
    $400 23
Committee

Melissa
    $400 2
Stine's pines

Elizabeth
    $300 14
Penn

Elizabeth
    $600 18
Ranger hat

Elizabeth
    $600 8
Diet

Trish
    $600 28
Mosquito

Elizabeth
    $600 24
(T: What is the voting average?)

Voter turnout

Trish
    $600 3
George's gorges

Elizabeth
    $800 15
Latitude

Trish
    $800 19
Quakers (Society of Friends)

Elizabeth
    $800 10
Ambidextrous

Trish
    $800 29
Yellow jackets

Melissa
    $800 25
["AFDC" is "Aid to Families with Dependent Children".]
(Trish: What is welfare?)

Workfare

Trish
Triple Stumper
    $800 4
Gore's stores

Elizabeth
    $1000 17
Missouri Compromise

Trish
    $1000 20
Busby

Triple Stumper
    $1000 11
Fever

Melissa
    $700 30
(M: What is a gold bug?)

Silverfish

Melissa
    $1000 26
Fourth Amendment

Trish
    $1000 5
Parker's markers

Melissa

Scores at the end of the Double Jeopardy! Round:

Elizabeth Trish Melissa
$7,000 $7,800 $5,800

Final Jeopardy! Round responses

TELEVISION ACTORS
MelissaWho is Kelsey Grammer?
$2,800
ElizabethWho is I have no clue?
$0
TrishWho is Kelsey Grammar?
$3,200
Kelsey Grammer (Dr. Frasier Crane on Cheers & Frasier)

Final scores:

Elizabeth Trish Melissa
$7,000 $11,000 $8,600

Game dynamics:

Coryat scores:

Elizabeth Trish Melissa
$7,300 $7,800 $6,300
17 R
(including 1 DD),
0 W
18 R,
2 W
16 R
(including 1 DD),
1 W
(including 1 DD)

Combined Coryat: $21,400

[game clues] [game scores] [suggest correction]

Game tape date: Unknown
The J! Archive is created by fans, for fans. Scraping, republication, monetization, and malicious use prohibited; this site may use cookies and collect identifying information. See terms. The Jeopardy! game show and all elements thereof, including but not limited to copyright and trademark thereto, are the property of Jeopardy Productions, Inc. and are protected under law. This website is not affiliated with, sponsored by, or operated by Jeopardy Productions, Inc. Join the discussion at JBoard.tv.